| 000 | 00590nam a22001817a 4500 | ||
|---|---|---|---|
| 999 |
_c185880 _d185880 |
||
| 005 | 20220210151731.0 | ||
| 010 | _aENG-131511 | ||
| 020 |
_a9789380574318 _c695.00 |
||
| 035 | _aEN-115043 | ||
| 037 | _bDBAD | ||
| 082 | _a338.1095492 | ||
| 245 |
_aRural Entrepreneurship Development in Liberalised Era/ _cEdited by Amit Kuar Dwivedi, Anita Sukhwal |
||
| 260 |
_aDelhi _bBookwell _c2012 |
||
| 270 |
_a3/79, Nirankari Colony _bDelhi _e110009 _mbkwell@nde.vsnl.net.in |
||
| 300 |
_axiii, 287p. _c23cm(hbk) |
||
| 700 | _aSukhwal, Anita | ||
| 942 |
_2ddc _cEN _h338.1095492 _mRUR |
||